Southville International School and Colleges
Your cart is empty.
  • Cart
  • Lists
    Public lists list_1 View all
    Your lists Log in to create your own lists
  • Log in to your account
  • Your cookies
  • Search history
Southville International School and Colleges
  • Advanced search
  • Recent comments
  • Most popular
  • Libraries

Log in to your account

Log in with GOOGLE


If you do not have an external account, but do have a local account, you can still log in:

  1. Home
  2. MARC view: Diwalwal :
Normal view MARC view ISBD view

Diwalwal : (Record no. 17060)

[ view plain ]
MARC details
000 -LEADER
fixed length control field 00782nam a22002897a 4500
001 - CONTROL NUMBER
control field 16523125
003 - CONTROL NUMBER IDENTIFIER
control field OSt
005 - DATE AND TIME OF LATEST TRANSACTION
control field 20140310182858.0
008 - FIXED-LENGTH DATA ELEMENTS--GENERAL INFORMATION
fixed length control field 101028s2009 ph 000 1 tgl
010 ## - LIBRARY OF CONGRESS CONTROL NUMBER
LC control number 2010338922
020 ## - INTERNATIONAL STANDARD BOOK NUMBER
International Standard Book Number 9789715849036
040 ## - CATALOGING SOURCE
Original cataloging agency DLC
Transcribing agency DLC
042 ## - AUTHENTICATION CODE
Authentication code lcode
050 00 - LIBRARY OF CONGRESS CALL NUMBER
Classification number PL 6165.4
Item number .R396 2009
100 1# - MAIN ENTRY--PERSONAL NAME
Personal name Reyes, Edgar.
245 10 - TITLE STATEMENT
Title Diwalwal :
Remainder of title bundok ng ginto /
Statement of responsibility, etc Reyes, Edgardo M.
260 ## - PUBLICATION, DISTRIBUTION, ETC. (IMPRINT)
Place of publication, distribution, etc Quezon City :
Name of publisher, distributor, etc C & E Pub.,
Date of publication, distribution, etc 2009.
300 ## - PHYSICAL DESCRIPTION
Extent 306 p. :
Dimensions 18 cm.
500 ## - GENERAL NOTE
General note Novel.
546 ## - LANGUAGE NOTE
Language note In Tagalog.
562 ## - COPY AND VERSION IDENTIFICATION NOTE
Number of copies For circulation. 1 copy available in the collection
906 ## - LOCAL DATA ELEMENT F, LDF (RLIN)
a 7
b cbc
c origode
d 4
e ncip
f 20
g y-gencatlg
942 ## - ADDED ENTRY ELEMENTS (KOHA)
Source of classification or shelving scheme Library of Congress Classification
Koha item type Books
Holdings
Withdrawn status Lost status Source of classification or shelving scheme Damaged status Home library Current library Shelving location Date acquired Total Checkouts Full call number Barcode Date last seen Copy number Price effective from Koha item type
    Library of Congress Classification   College Library College Library Fiction Section 11/19/2013   PL 6165.4 .R396 2009 C15017 05/08/2018 1 11/19/2013 Books

Diwalwal :

APA

Reyes E., . (2009). Diwalwal. Quezon City: C & E Pub.

Chicago

Reyes Edgar, . 2009. Diwalwal. Quezon City: C & E Pub.

Harvard

Reyes E., . (2009). Diwalwal. Quezon City: C & E Pub.

MLA

Reyes Edgar, . Diwalwal. Quezon City: C & E Pub. 2009.

  • Place hold
  • Print
  • Cite
  • Add to your cart (remove)
  • Save record
    BIBTEX Dublin Core MARCXML MARC (non-Unicode/MARC-8) MARC (Unicode/UTF-8) MARC (Unicode/UTF-8, Standard) MODS (XML) RIS
  • More searches
    Search for this title in:
    Other Libraries (WorldCat) Other Databases (Google Scholar) Online Stores (Bookfinder.com) Open Library (openlibrary.org)

Exporting to Dublin Core...

SOUTHVILLE LIBRARY

Southville International School and Colleges Library

1281 Tropical Ave. Cor. Luxembourg St., BF Homes International, Las Pinas City

Tel. No. 8256374 / 252358 Loc. 117/146

Powered by Koha